| 000 | 00730nam a2200229 u 4500 | ||
|---|---|---|---|
| 005 | 20260320064148.0 | ||
| 008 | 170425s2014 r 000 0 eng d | ||
| 020 | _a9786078332496 (UAEM) | ||
| 020 | _a9786074018424 (Porrúa) | ||
| 035 | _aUPN01000217361 | ||
| 049 | _aCG | ||
| 050 | 4 |
_aHG2714 _bM4.2 |
|
| 100 | 1 |
_aMercado Yebra, Joaquín _940430 |
|
| 245 | 1 | 0 |
_aBanca múltiple y reforma financiera en México / _cJoaquín Mercado Yebra. |
| 260 |
_aMéxico : _bUAEM : _bPorrúa, _c2014. |
||
| 300 |
_a213 p. : _bgráfs. |
||
| 650 | 4 |
_aBancos y operaciones bancarias _zMéxico _92975 |
|
| 650 | 4 |
_aAHORRO E INVERSION - _zMEXICO _91961 |
|
| 650 | 4 |
_aFinanzas públicas _zMéxico _97127 |
|
| 905 | _aLibro | ||
| 999 |
_c189461 _d189461 |
||